Score 0/20 Timer 02:00
0 Plays Today
Bill Joel Song Missing Word % Correct
Only the ___ Die YoungGood
95.4%
We Didn't Start the ___Fire
91%
___ The Way You AreJust
86.1%
___ Her About ItTell
81.8%
___ GirlUptown
73.3%
She's Always a ___Woman
72.2%
___ ManPiano
70.8%
You May Be ___Right
66.4%
Keeping the ___Faith
62.9%
She's Got a ___Way
57.8%
Bill Joel Song Missing Word % Correct
___ Out (Anthony's Song)Movin'
56.8%
A ___ of TrustMatter
43.2%
The ___ of DreamsRiver
43.1%
Big ___Shot
41.2%
An ___ ManInnocent
41.1%
Goodnight ___Saigon
34.3%
Leave a ___ Moment AloneTender
33.3%
The Downeaster ___Alexa
32.7%
I Go to ___Extremes
28.7%
You're Only ___ (Second Wind)Human
25.4%

Today's Daily Dose

Missing Word
'T' Pairs

Word Ladder
Game Pieces

Get the Picture
Baseball Movies

Remove Ads.
Support Sporcle.
Get the best of Sporcle when you Go Orange. This ad-free experience offers more features, more stats, and more fun while also helping to support Sporcle. Thank you for becoming a member.

You're not logged in!

Compare scores with friends on all Sporcle quizzes.
OR
Log In

Show Comments

Extras

Top Quizzes Today


Score Distribution

Your Account Isn't Verified!

In order to create a playlist on Sporcle, you need to verify the email address you used during registration. Go to your Sporcle Settings to finish the process.

Report this User

Report this user for behavior that violates our Community Guidelines.

Details: